01543nam a22001937a 4500003001000000005001700010008004100027020001800068040001300086041000700099100002000106245005100126260004300177300001200220500017800232520091600410650001201326654001101338IT_MiCISF20241227120120.0241227b |||||||| |||| 00| 0 eng d a9788892229693 cIT-MiCSF ait aEcochard René aUomo, donna...bCosa ci dicono le neuroscienze aCinisello B. (MI), bSan Paolo, c2023 app. 191 apersona, differenza-sessuale, crescita-bambini, adolescenza, corpo, identità-maschile, identità-femminile, rapporti-intergenerazionali, genetica, rapporti-genitori-figli aUn libro che offre chiavi di approfondimento sui temi dell’identità sessuale per fornire al lettore una riflessione scevra da condizionamenti ideologici nell’ambito del dibattito sulla teoria del gender. Basandosi su un enorme lavoro d’indagine tra centinaia di riferimenti bibliografici di neuropsicologia e biologia umana, René Écochard, medico ed esperto di ecologia umana integrale, spiega come, dal concepimento all’età adulta, ciascun essere umano abbia costruito nel proprio corpo, nella propria psicologia e nella relazione con gli altri la propria dimensione sessuata. L’opera propone uno scenario di modi di vivere il rapporto tra uomo e donna come un’armoniosa complementarità. Un libro accessibile a tutti, con un linguaggio chiaro e senza tecnicismi, che fornisce i punti di riferimento essenziali e un approccio molto pratico che ogni genitore o educatore dovrebbe conoscere. aPersona asaggio